[Event "Oberliga NRW 0203 II"]
[Site "Germany"]
[Date "2003.04.06"]
[Round "8.2"]
[White "Kishnev, Sergey"]
[Black "Haub, Thorsten Michael"]
[Result "1-0"]
[WhiteElo "2497"]
[BlackElo "2381"]
[PlyCount "161"]
[EventDate "2002.10.06"]
[EventType "team"]
[EventRounds "9"]
[EventCountry "GER"]
[SourceTitle "EXT 2004"]
[Source "ChessBase"]
[SourceDate "2003.11.25"]
[SourceVersion "1"]
[SourceVersionDate "2003.11.25"]
[SourceQuality "1"]
[WhiteTeam "Gelsenkirchen"]
[BlackTeam "Plettenberg"]
[WhiteTeamCountry "GER"]
[BlackTeamCountry "GER"]

1. d4 e6 2. c4 f5 3. Nf3 Nf6 4. g3 Be7 5. Bg2 O-O 6. O-O Ne4 7. Nbd2 Bf6 8. Qc2
d5 9. b3 Nc6 10. Bb2 Bd7 11. Rfd1 Be8 12. Ne5 Nxd2 13. Rxd2 Ne7 14. a4 c6 15.
Ba3 Bg6 16. Qc3 Re8 17. Qb4 Qc7 18. Qd6 Qxd6 19. Bxd6 Nc8 20. Bc7 Re7 21. Ba5
Nd6 22. Bb4 Rd8 23. Bxd6 Rxd6 24. c5 Rd8 25. b4 Be8 26. e3 a5 27. f4 Ra8 28.
Rb2 axb4 29. a5 Rc7 30. Rxb4 Bd8 31. Bf1 Kf8 32. h3 Ra7 33. a6 bxa6 34. Rb8 Ke7
35. Rxa6 Bd7 36. Rab6 Ra1 37. Kf2 Rca7 38. R6b7 Bc7 39. Rxa7 Rxa7 40. Rg8 Ra2+
41. Kf3 Bxe5 42. fxe5 Kf7 43. Rd8 Be8 44. Rb8 Ke7 45. Rb7+ Bd7 46. g4 h6 47.
gxf5 exf5 48. Bb5 Kd8 49. e6 Bxe6 50. Bxc6 g5 51. Rh7 Ra3 52. Rxh6 Ke7 53. h4
f4 54. hxg5 Rxe3+ 55. Kxf4 Re4+ 56. Kf3 Rxd4 57. Rh7+ Kf8 58. Bd7 Bg8 59. Rh8
Kg7 60. Rh6 Rc4 61. c6 Bf7 62. Bf5 Rc3+ 63. Kf4 d4 64. Rd6 Rc4 65. Be4 Be8 66.
Re6 Bh5 67. Ke5 Bg4 68. Rd6 Rc5+ 69. Kf4 Bh5 70. Rxd4 Kf7 71. Rd6 Ke7 72. Rh6
Be8 73. Rf6 Bh5 74. Rf5 Rc4 75. Rf6 Be8 76. Ke5 Rc1 77. Re6+ Kd8 78. g6 Re1 79.
c7+ Kxc7 80. Rxe8 Kd7 81. Rf8 1-0

[Event "BEL-chT 0304"]
[Site "Belgium"]
[Date "2003.11.02"]
[Round "3.3"]
[White "Kishnev, Sergey"]
[Black "Koch, Thomas"]
[Result "1-0"]
[WhiteElo "2488"]
[BlackElo "2416"]
[PlyCount "75"]
[EventDate "2003.10.01"]
[EventType "team"]
[EventRounds "11"]
[EventCountry "BEL"]
[SourceTitle "EXT 2004"]
[Source "ChessBase"]
[SourceDate "2003.11.25"]
[SourceVersion "1"]
[SourceVersionDate "2003.11.25"]
[SourceQuality "1"]
[WhiteTeam "Rochade"]
[BlackTeam "Eynatten II"]
[WhiteTeamCountry "BEL"]
[BlackTeamCountry "BEL"]

1. d4 Nf6 2. c4 e6 3. Nc3 Bb4 4. Qc2 Nc6 5. Nf3 d6 6. a3 Bxc3+ 7. Qxc3 Qe7 8.
b4 O-O 9. Bb2 Re8 10. g3 e5 11. d5 Nb8 12. Bg2 b5 13. Nd2 Bb7 14. O-O Nbd7 15.
a4 bxc4 16. e4 c6 17. dxc6 Bxc6 18. Qxc4 Rac8 19. Rfc1 Bb7 20. Qb3 a5 21. Rxc8
Rxc8 22. bxa5 Nc5 23. Qb4 Bc6 24. Ba3 Qa7 25. Qb6 Qa8 26. Bxc5 Nd7 27. Qa7 Nxc5
28. Qxa8 Rxa8 29. Nc4 f6 30. Rd1 Nb7 31. Bf1 Nxa5 32. Rxd6 Bxe4 33. Rd7 Bc6 34.
Rc7 Be8 35. Nd6 Bxa4 36. Bg2 Rb8 37. Bd5+ Kh8 38. Ra7 1-0

[Event "BEL-chT 0304"]
[Site "Belgium"]
[Date "2004.03.09"]
[Round "10.3"]
[White "Kishnev, Sergey"]
[Black "Foisor, Ovidiu Doru"]
[Result "1-0"]
[WhiteElo "2488"]
[BlackElo "2411"]
[PlyCount "59"]
[EventDate "2003.10.01"]
[EventType "team"]
[EventRounds "11"]
[EventCountry "BEL"]
[SourceTitle "EXT 2005"]
[Source "ChessBase"]
[SourceDate "2004.11.15"]
[SourceVersion "1"]
[SourceVersionDate "2004.11.15"]
[SourceQuality "1"]
[WhiteTeam "Rochade"]
[BlackTeam "Liege"]
[WhiteTeamCountry "BEL"]
[BlackTeamCountry "BEL"]

1. d4 g6 2. e4 c6 3. c4 Bg7 4. Nc3 d6 5. Nf3 a6 6. Bg5 b5 7. Qd2 Nd7 8. Bd3 Bb7
9. O-O Qb8 10. b4 h6 11. Be3 Ngf6 12. h3 bxc4 13. Bxc4 d5 14. exd5 cxd5 15. Bb3
Bc6 16. Rac1 O-O 17. Bxh6 Bxh6 18. Qxh6 Qxb4 19. Ng5 e6 20. Bc2 Qe7 21. Rfe1
Rfc8 22. Re3 Nf8 23. Rce1 Be8 24. Rf3 Ra7 25. Bb3 Qd8 26. Ree3 a5 27. Rf4 Nh5
28. Rh4 Rxc3 29. Rxc3 f6 30. Qxf8+ 1-0